Missing Pirate Movie Words Quiz Stats

 Plays Quiz Updated Sep 19, 2017

Challenge
Share
Tweet
Embed
Score 0/24 Timer 05:00
0 Plays Today
% Correct
Seven
93.9%
Finding
93.5%
Movie
93%
Bride
92.8%
Pan
92.7%
Long
92.4%
Phillips
91.4%
Treasure
90.5%
Penzance
90.2%
Swiss
90.1%
Black
89.5%
Curse
89.2%
% Correct
Tintin
89%
Aquatic
83.9%
Legend
82.3%
Island
81.3%
Princess
80%
Jewel
79.7%
Muppet
76.8%
Band
76.3%
Inn
70.9%
Hawk
70%
Ghost
69.7%
Planet
56.7%

You're not logged in!

Compare scores with friends on all Sporcle quizzes.
Join for Free
OR
Log In

You Might Also Like...

Show Comments

Extras

Top Quizzes Today


Score Distribution

Your Account Isn't Verified!

In order to create a playlist on Sporcle, you need to verify the email address you used during registration. Go to your Sporcle Settings to finish the process.

Report this User

Report this user for behavior that violates our Community Guidelines.

Details: